Zákon o účtovníctve

Historický vývoj účtovníctva. Vplyv politicko-ekonomických zmien na účtovníctvo. Právna úprava vedenia účtovníctva pre podnikateľov. Prepojenie zákona o účtovníctve na daňové zákony. Právne predpisy súvisiace so zákonom o účtovníctve. Úplné znenie zákona č. 563//1991 Zb. o účtovníctve v znení zákona...

Descrizione completa

Salvato in:
Dettagli Bibliografici
Autore principale: Pecháčová, Tatjana
Natura: Capitolo di libro
Lingua:slovacco
Soggetti:
Tags: Aggiungi Tag
Nessun Tag, puoi essere il primo ad aggiungerne!!

MARC

LEADER 00000naa a2200000 4500
001 r040648
005 20230919115457.1
041 0 |a slo 
044 |a SK 
245 1 0 |a Zákon o účtovníctve  |c Tatjana Pecháčová 
520 |a Historický vývoj účtovníctva. Vplyv politicko-ekonomických zmien na účtovníctvo. Právna úprava vedenia účtovníctva pre podnikateľov. Prepojenie zákona o účtovníctve na daňové zákony. Právne predpisy súvisiace so zákonom o účtovníctve. Úplné znenie zákona č. 563//1991 Zb. o účtovníctve v znení zákona NR SR č. 272/1996 Z.z. zákona NR SR č. 173/1998 Z.z. a zákona NR SR č. 336/1999 Z.z. 
610 2 0 |a účtovníctvo 
610 2 0 |a história 
610 2 0 |a predpisy právne 
610 2 0 |a podnikatelia 
610 2 0 |a dane 
610 2 0 |a zákony 
610 2 0 |a novelizácia 
610 2 0 |a Slovensko 
100 1 |a Pecháčová, Tatjana